000 01309naa a22003737a 4500
001 BR7405898
003 BR-BrBNA
005 20240918173649.0
007 ta
008 230509b bl.||||| |||| 00| 0 por d
040 _aBR-BrBNA
_bpor
_cBiblioteca Nacional de Agricultura
041 _a(Pt)
072 _aF25; F60
_b0336
_b3840
090 _aF25 BR7405898
100 1 _aWiinsche, W.
100 1 _aBohnen, H.
100 1 _aGrimm, S.S.
100 1 _aFioreze, I.
111 1 _a14. Congresso Brasileiro de Ciencia do Solo
_cSanta Maria, RS (Brazil)
_d16 Jul 1973
245 1 _aEficiencia para a soja das fracoes de calcario dolomitico aplicado ao solo [Glycine max; Corretivo; Calagem; Crescimento]
_bNota previa
260 3 _aRio de Janeiro, GB (Brasil):
_c1974.
500 _aAnais do 14. Congresso Brasileiro de Ciencia do Solo Rio de Janeiro, GB (Brasil): 1974. p. 519-525 (BR7405898-AM)F25
650 _aFISIOLOGIA VEGETAL
650 _aSOJA
650 _aCALCARIO DOLOMITICO
650 _aCORRETIVO
650 _aCALAGEM
650 _aPH
650 _aSOLO
650 _aCRESCIMENTO
773 0 _tAnais do 14. Congresso Brasileiro de Ciencia do Solo
_wF25 BR7405898
_gRio de Janeiro, GB (Brasil), 1974. p. 519-525
909 _a202404
_bLucia
_c55
_dLucia Elande
942 _cAM
_2AGRIS
999 _c306063
_d306063